000 00874nam a2200205 i 4500
001 188014
003 ES-MaACL
005 20230906223100.0
008 180410s1962 sp |||| | spa d
110 2 _aConsejo Económico Sindical Provincial (Soria)
_9164567
245 1 0 _aPerspectivas de desarrollo económico de la provincia de Soria (en los próximos cinco años).
260 _a[S.l. :
_bs.n.],
_c1962 (
_eMadrid :
_fHispalense Industrial)
300 _a246 p. ;
_c28 cm.
490 1 _aOrganizacion Sindical. Consejo Económico Nacional. Gabinete Técnico ;
_v41
594 _aPrecede al tít.: Consejo Económico Sindical Provincial, Soria.
651 4 _aSoria (Provincia)-
_xSituación económica.
_9164568
830 0 _aOrganizacion Sindical. Consejo Económico Nacional. Gabinete Técnico ;
_v41
_9192940
852 _aES-MaACL
_jB-13787
999 _c188014
_d188014